[Event "BL 1213 Werder Bremen - Turm Emsdetten"]
[Site "?"]
[Date "2013.04.05"]
[Round "13.5"]
[White "Burg, Twan"]
[Black "Babula, Vlastimil"]
[Result "0-1"]
[WhiteElo "2502"]
[BlackElo "2585"]
[PlyCount "104"]
[EventDate "2013.??.??"]

1. e4 e5 2. Nf3 Nc6 3. d4 exd4 4. Nxd4 Bc5 5. Nb3 Bb6 6. Nc3 Nf6 7. Bg5 h6 8.
Bh4 d6 9. Bd3 Be6 10. Na4 g5 11. Bg3 Qe7 12. O-O h5 13. Nxb6 axb6 14. f3 h4 15.
Be1 Nh5 16. Bb5 Kf8 17. Bxc6 bxc6 18. Bc3 Rg8 19. Nd4 c5 20. Nxe6+ fxe6 21. f4
Nxf4 22. Qh5 e5 23. g3 hxg3 24. hxg3 Qg7 25. Qf3 Qh7 26. Qh1 Qg6 27. a4 Ke7 28.
gxf4 gxf4+ 29. Kf2 Rh8 30. Qg2 Qxg2+ 31. Kxg2 Rag8+ 32. Kf2 Rh2+ 33. Ke1 Rxc2
34. Kd1 Rh2 35. a5 bxa5 36. Rxa5 Kd7 37. Ra7 Rgg2 38. Ba5 Rxb2 39. Rxc7+ Ke6
40. Kc1 Ra2 41. Kb1 Rhb2+ 42. Kc1 Re2 43. Bc3 Rxe4 44. Kd1 Re3 45. Be1 f3 46.
Bd2 Ra1+ 47. Kc2 Rxf1 48. Bxe3 f2 49. Bg5 Rg1 50. Kd3 f1=Q+ 51. Ke4 Qe2+ 52.
Be3 d5# 0-1

[Event "BL 1213 Werder Bremen - Turm Emsdetten"]
[Site "?"]
[Date "2013.04.05"]
[Round "13.7"]
[White "Fiebig, Thomas"]
[Black "Bluebaum, Matthias"]
[Result "0-1"]
[WhiteElo "2402"]
[BlackElo "2433"]
[PlyCount "106"]
[EventDate "2013.??.??"]

1. e4 e6 2. d4 d5 3. Nc3 Nf6 4. e5 Nfd7 5. f4 c5 6. Nf3 Nc6 7. Be3 a6 8. Qd2
Qb6 9. Na4 Qb4 10. Qxb4 Nxb4 11. Kd2 b6 12. b3 Bb7 13. c3 Nc6 14. Bd3 Rc8 15.
Rac1 Be7 16. f5 cxd4 17. cxd4 Ba3 18. Rcf1 Bb4+ 19. Ke2 b5 20. fxe6 fxe6 21.
Nb2 Ba3 22. Nd1 Nb4 23. Bb1 Nxa2 24. Ng5 Nc1+ 25. Bxc1 Rxc1 26. Ne3 Rc6 27.
Bxh7 Rxh7 28. Nxh7 a5 29. Rf4 Rc3 30. Rg4 a4 31. bxa4 b4 32. Rxg7 Ba6+ 33. Kf2
b3 34. Nxd5 Rc2+ 35. Kg3 exd5 36. e6 Rc3+ 37. Kf2 Rc2+ 38. Kg3 Nf8 39. Nf6+ Kd8
40. Re1 Be2 41. Rb7 Nxe6 42. Nxd5 Bd6+ 43. Kh3 Nxd4 44. Nf6 Kc8 45. Rd7 Be5 46.
Rf7 Ne6 47. Kh4 b2 48. Rb1 Rc4+ 49. g4 Bxf6+ 50. Rxf6 Rxg4+ 51. Kh5 Rg1+ 52.
Kh6 Rxb1 53. Rxe6 Rc1 0-1

[Event "BL 1213 Werder Bremen - Turm Emsdetten"]
[Site "?"]
[Date "2013.04.05"]
[Round "13.8"]
[White "Joachim, Sven"]
[Black "Richter, Christian"]
[Result "1/2-1/2"]
[WhiteElo "2436"]
[BlackElo "2365"]
[PlyCount "45"]
[EventDate "2013.??.??"]

1. c4 Nf6 2. Nc3 e5 3. Nf3 Nc6 4. g3 g6 5. d4 exd4 6. Nxd4 Bg7 7. Bg2 O-O 8.
O-O Nxd4 9. Qxd4 d6 10. Qh4 Ng4 11. Qxd8 Rxd8 12. Bg5 Bf6 13. Bxf6 Nxf6 14.
Rfd1 Be6 15. b3 c6 16. Rd3 Kf8 17. Rad1 Ke7 18. f4 Ne8 19. Bf3 h6 20. Kf2 Nc7
21. Ne4 Ne8 22. Nc3 Nc7 23. Ne4 1/2-1/2

[Event "BL 1213 SG Solingen - SV Wattenscheid"]
[Site "?"]
[Date "2013.04.05"]
[Round "13.1"]
[White "Bogner, Sebastian"]
[Black "Ragger, Markus"]
[Result "0-1"]
[WhiteElo "2558"]
[BlackElo "2655"]
[PlyCount "102"]
[EventDate "2013.??.??"]

1. Nf3 d5 2. c4 c6 3. e3 Nf6 4. Nc3 e6 5. b3 Bd6 6. Bb2 O-O 7. Be2 Re8 8. Qc2
e5 9. cxd5 cxd5 10. Nb5 Nc6 11. Nxd6 Qxd6 12. d4 Nb4 13. Qd1 e4 14. Ne5 Nd7 15.
a3 Nc6 16. Nxc6 bxc6 17. O-O Re6 18. h3 Rh6 19. f4 Qg6 20. Kf2 Qf6 21. Ke1 Rb8
22. Kd2 Qd8 23. Bc3 Qb6 24. Rb1 Ba6 25. Bb4 Bd3 26. Bxd3 exd3 27. Kxd3 a5 28.
Bc3 c5 29. Ke2 Qg6 30. Rg1 Re8 31. Qd3 Qc6 32. Kf2 Nf6 33. Rgc1 Ne4+ 34. Kf1
Qg6 35. Qb5 Rf8 36. Be1 cxd4 37. Qxd5 dxe3 38. Rb2 Qf6 39. Qe5 Qa6+ 40. Kg1 Re6
41. Qxa5 Qd3 42. Rbc2 e2 43. f5 Qe3+ 44. Kh2 Ree8 45. Qb5 Nf6 46. a4 Nh5 47. f6
Nxf6 48. a5 Re6 49. b4 Ng4+ 50. Kh1 Nf2+ 51. Kh2 Qf4+ 0-1

[Event "BL 1213 SG Solingen - SV Wattenscheid"]
[Site "?"]
[Date "2013.04.05"]
[Round "13.2"]
[White "Stellwagen, Daniel"]
[Black "Rustemov, Alexander"]
[Result "1/2-1/2"]
[WhiteElo "2622"]
[BlackElo "2544"]
[PlyCount "57"]
[EventDate "2013.??.??"]

1. e4 e6 2. d4 d5 3. Nc3 Bb4 4. e5 c5 5. a3 Bxc3+ 6. bxc3 Qa5 7. Bd2 Qa4 8. Qb1
c4 9. Ne2 Nc6 10. g3 Bd7 11. Bh3 O-O-O 12. Nf4 Nge7 13. Nh5 Rhg8 14. O-O Rdf8
15. Qb2 b6 16. Rae1 Kb7 17. Kh1 Bc8 18. f4 Qa5 19. Qc1 g6 20. Nf6 Rh8 21. g4 h5
22. gxh5 Ng8 23. hxg6 fxg6 24. Nxg8 Rxh3 25. Nf6 Rfh8 26. Re2 Ne7 27. Be1 Nf5
28. Rg1 R3h6 29. Rgg2 1/2-1/2

[Event "BL 1213 SG Solingen - SV Wattenscheid"]
[Site "?"]
[Date "2013.04.05"]
[Round "13.4"]
[White "Sandipan, Chanda"]
[Black "Johannessen, Leif Erlend"]
[Result "1/2-1/2"]
[WhiteElo "2596"]
[BlackElo "2520"]
[PlyCount "143"]
[EventDate "2013.??.??"]

1. d4 d5 2. c4 c6 3. Nf3 Nf6 4. e3 Bf5 5. Nc3 a6 6. cxd5 cxd5 7. Ne5 Nc6 8. g4
Nxe5 9. gxf5 Nc6 10. Bg2 g6 11. Qf3 gxf5 12. Nxd5 Nxd5 13. Qxd5 Qxd5 14. Bxd5
Nb4 15. Bb3 e6 16. Bd2 Rg8 17. Ke2 Bd6 18. Rag1 Ke7 19. f3 Rg6 20. e4 fxe4 21.
fxe4 Nc6 22. Bg5+ f6 23. Be3 Rag8 24. Kf3 Rxg1 25. Rxg1 Rxg1 26. Bxg1 e5 27.
dxe5 Bxe5 28. Kg4 Nd4 29. Bd5 b5 30. h3 Kd6 31. Bg8 f5+ 32. exf5 h5+ 33. Kxh5
Nxf5 34. b4 Bc3 35. Bc5+ Ke5 36. Kg6 a5 37. bxa5 Bxa5 38. Bf7 Be1 39. Be8 b4
40. Bd7 Nd4 41. Be7 b3 42. Bf6+ Kd5 43. axb3 Nxb3 44. h4 Nc5 45. Bc8 Ne6 46.
Kf5 Ng7+ 47. Kg4 Ne8 48. Bb2 Nd6 49. Ba6 Ke6 50. Bd3 Bd2 51. Bc2 Be3 52. Bb3+
Ke7 53. Ba3 Kd7 54. Bb4 Bc1 55. Bc3 Ke7 56. Bd4 Bd2 57. Bg7 Ne8 58. Be5 Nd6 59.
Bb2 Be3 60. Ba3 Kd7 61. Bb4 Bc1 62. Bd5 Be3 63. Bg2 Ke6 64. Bh3 Nc4 65. Kf3+
Kf6 66. Bc3+ Kg6 67. Bg4 Bc1 68. Ke4 Nd6+ 69. Ke5 Bb2 70. h5+ Kh6 71. Bxb2 Nc4+
72. Kd4 1/2-1/2

[Event "BL 1213 SG Solingen - SV Wattenscheid"]
[Site "?"]
[Date "2013.04.05"]
[Round "13.5"]
[White "Holzke, Frank Dr"]
[Black "Smeets, Jan"]
[Result "1/2-1/2"]
[WhiteElo "2521"]
[BlackElo "2613"]
[PlyCount "52"]
[EventDate "2013.??.??"]

1. d4 d5 2. c4 c6 3. Nc3 Nf6 4. cxd5 cxd5 5. Bf4 Nc6 6. e3 a6 7. Bd3 Bg4 8.
Nge2 e6 9. Rc1 Bd6 10. f3 Bh5 11. Qb3 Na5 12. Qa4+ b5 13. Bxb5+ axb5 14. Nxb5
Bxf4 15. Nc7+ Ke7 16. Nxf4 Qd7 17. Qb4+ Qd6 18. Qxd6+ Kxd6 19. Nb5+ Ke7 20.
Rc7+ Kf8 21. Nxh5 Nxh5 22. Nd6 Nf6 23. Nxf7 Ne8 24. Rd7 Nf6 25. Rc7 Ne8 26. Rd7
Nf6 1/2-1/2

[Event "BL 1213 SG Solingen - SV Wattenscheid"]
[Site "?"]
[Date "2013.04.05"]
[Round "13.8"]
[White "Naumann, Alexander"]
[Black "Straeter, Timo"]
[Result "1-0"]
[WhiteElo "2535"]
[BlackElo "2360"]
[PlyCount "51"]
[EventDate "2013.??.??"]

1. d4 d5 2. c4 c6 3. Nf3 Nf6 4. Qc2 dxc4 5. Qxc4 Bf5 6. g3 e6 7. Bg2 Nbd7 8.
O-O Be7 9. e3 O-O 10. Qe2 Ne4 11. Rd1 Qc7 12. Ne1 Bg6 13. f3 Nef6 14. e4 c5 15.
dxc5 Bxc5+ 16. Be3 Ne5 17. Bxc5 Qxc5+ 18. Qf2 Qc7 19. Nc3 a6 20. Rac1 Rac8 21.
h3 Rfd8 22. f4 Neg4 23. hxg4 Nxg4 24. Qa7 Ra8 25. Rxd8+ Qxd8 26. Rd1 1-0

[Event "BL 1213 Wiesbadener SV - SV Griesheim"]
[Site "?"]
[Date "2013.04.05"]
[Round "13.2"]
[White "Palac, Mladen"]
[Black "Farago, Ivan"]
[Result "1/2-1/2"]
[WhiteElo "2600"]
[BlackElo "2488"]
[PlyCount "51"]
[EventDate "2013.??.??"]

1. e4 e6 2. d4 d5 3. Nc3 Bb4 4. e5 c5 5. a3 Bxc3+ 6. bxc3 Qa5 7. Bd2 Qa4 8. Qg4
Kf8 9. Qd1 Ne7 10. Qb1 c4 11. Ne2 Nbc6 12. Ng3 Ke8 13. Nh5 Rg8 14. g4 Kd8 15.
f4 Kc7 16. Bh3 Bd7 17. O-O Raf8 18. Kh1 Be8 19. f5 exf5 20. gxf5 f6 21. exf6
gxf6 22. Nf4 Bd7 23. Re1 Kb8 24. Ne6 Bxe6 25. Rxe6 Nc8 26. Bf4+ 1/2-1/2

[Event "BL 1213 Wiesbadener SV - SV Griesheim"]
[Site "?"]
[Date "2013.04.05"]
[Round "13.3"]
[White "Murdzia, Piotr"]
[Black "Mista, Aleksander"]
[Result "1/2-1/2"]
[WhiteElo "2471"]
[BlackElo "2543"]
[PlyCount "82"]
[EventDate "2013.??.??"]

1. d4 Nf6 2. c4 d6 3. Nf3 Nbd7 4. g3 g6 5. Bg2 Bg7 6. O-O O-O 7. Nc3 e5 8. Qc2
exd4 9. Nxd4 Nb6 10. Rd1 Nxc4 11. Ncb5 a6 12. Nxc7 Qxc7 13. b3 Be6 14. Rb1 Rac8
15. Nxe6 fxe6 16. Qxc4 d5 17. Qxc7 Rxc7 18. Bf4 Rc2 19. Rd2 Rfc8 20. Rxc2 Rxc2
21. Rc1 Rxc1+ 22. Bxc1 Kf7 23. Kf1 Bf8 24. Bb2 Bc5 25. e3 g5 26. h3 Bd6 27. Ke2
e5 28. f4 gxf4 29. gxf4 e4 30. Bxf6 Kxf6 31. h4 a5 32. Bh3 b6 33. Bc8 Be7 34.
a4 Bd8 35. h5 h6 36. Bd7 Ke7 37. Bc6 Kd6 38. Bb7 Kc5 39. Ba8 Bf6 40. Bb7 Bb2
41. Kd2 Bf6 1/2-1/2

[Event "BL 1213 Wiesbadener SV - SV Griesheim"]
[Site "?"]
[Date "2013.04.05"]
[Round "13.4"]
[White "Tazbir, Marcin"]
[Black "Izsak, Gyula"]
[Result "1/2-1/2"]
[WhiteElo "2555"]
[BlackElo "2471"]
[PlyCount "135"]
[EventDate "2013.??.??"]

1. e4 c5 2. Nf3 e6 3. d4 cxd4 4. Nxd4 a6 5. Bd3 Nc6 6. Nxc6 dxc6 7. Nd2 e5 8.
Nc4 Be6 9. O-O Bxc4 10. Bxc4 Qxd1 11. Rxd1 Nf6 12. f3 Bc5+ 13. Kf1 Rf8 14. Bg5
Nd7 15. a4 f6 16. Bd2 Ke7 17. b4 Bd6 18. a5 Rfd8 19. Be3 Rac8 20. c3 Nf8 21.
Bb6 Bc7 22. Rxd8 Kxd8 23. Bc5 Ke8 24. Ke2 Rd8 25. g3 Nd7 26. Be3 Ke7 27. f4 Bd6
28. h4 Rc8 29. Rb1 Nf8 30. Kf3 Ne6 31. f5 Nc7 32. g4 Nb5 33. Be6 Rd8 34. Rc1
Bb8 35. Ke2 Ba7 36. Bd2 Bf2 37. Rh1 Bg3 38. Bc4 Bf4 39. Be1 h6 40. Rh3 Nd6 41.
Bd3 Nb5 42. Kd1 Rc8 43. Kc2 c5 44. bxc5 Rxc5 45. Kb3 Rc7 46. Bc4 Rd7 47. Bd5
Nc7 48. c4 Nxd5 49. exd5 Kf7 50. Bf2 g6 51. h5 gxf5 52. gxf5 Rd8 53. Rh1 Rg8
54. c5 Rg2 55. c6 bxc6 56. dxc6 e4 57. Bb6 Ke7 58. Rd1 Rd2 59. Rxd2 Bxd2 60.
Kc4 Kd6 61. c7 Kd7 62. Kd4 Bf4 63. c8=Q+ Kxc8 64. Kxe4 Bc7 65. Bd4 Bxa5 66.
Bxf6 Kd7 67. Kd5 Bd2 68. Kc5 1/2-1/2

[Event "BL 1213 Wiesbadener SV - SV Griesheim"]
[Site "?"]
[Date "2013.04.05"]
[Round "13.5"]
[White "Horvath, Peter"]
[Black "Bulski, Krzysztof"]
[Result "1-0"]
[WhiteElo "2434"]
[BlackElo "2547"]
[PlyCount "71"]
[EventDate "2013.??.??"]

1. d4 Nf6 2. c4 g6 3. Nc3 d5 4. cxd5 Nxd5 5. Bd2 Bg7 6. e4 Nb6 7. Be3 O-O 8.
Be2 Nc6 9. Nf3 Bg4 10. e5 Nb4 11. O-O N4d5 12. Bd2 Nxc3 13. Bxc3 Nd5 14. Bd2 c6
15. a4 a5 16. h3 Bf5 17. Qb3 Qb6 18. Bc4 Qxb3 19. Bxb3 Rfd8 20. g4 Bd3 21. Rfc1
e6 22. Ne1 Be2 23. f4 Nb4 24. Bxb4 axb4 25. Kf2 Ba6 26. Nf3 Bf8 27. f5 exf5 28.
gxf5 Bd3 29. f6 h6 30. Ke3 Bf5 31. Nh4 Bxh3 32. Nxg6 h5 33. Nxf8 Kxf8 34. Rh1
Bg4 35. Rag1 Ke8 36. Rxg4 1-0

[Event "BL 1213 Wiesbadener SV - SV Griesheim"]
[Site "?"]
[Date "2013.04.05"]
[Round "13.6"]
[White "Poetsch, Hagen"]
[Black "Grabarczyk, Miroslaw"]
[Result "1-0"]
[WhiteElo "2466"]
[BlackElo "2450"]
[PlyCount "79"]
[EventDate "2013.??.??"]

1. e4 e5 2. Nf3 Nc6 3. Bb5 Nge7 4. Nc3 d6 5. d4 Bd7 6. Bg5 Nxd4 7. Nxd4 exd4 8.
Qxd4 Bxb5 9. Nxb5 a6 10. Nc3 Nc6 11. Qe3 Be7 12. Bxe7 Nxe7 13. O-O-O O-O 14. f4
Qd7 15. f5 f6 16. g4 Nc6 17. Nd5 Kh8 18. h4 Rae8 19. g5 Ne7 20. Nc3 Nc6 21. Qf4
Re5 22. Rhg1 Qe8 23. Rg3 Ne7 24. Rdg1 Qf7 25. gxf6 gxf6 26. Qf3 Rg8 27. h5 Qf8
28. Qf4 Rxg3 29. Rxg3 Ng8 30. Nd5 Qf7 31. h6 c6 32. Rg7 Qe8 33. Qg3 Qf8 34. Nf4
Nxh6 35. Rxb7 Qg8 36. Qh4 Qg5 37. Qxg5 fxg5 38. Nh5 Kg8 39. Nf6+ Kf8 40. Nd7+
1-0

[Event "BL 1213 Wiesbadener SV - SV Griesheim"]
[Site "?"]
[Date "2013.04.05"]
[Round "13.7"]
[White "Grabarczyk, Bogdan"]
[Black "Geske, Julian"]
[Result "1/2-1/2"]
[WhiteElo "2393"]
[BlackElo "2401"]
[PlyCount "78"]
[EventDate "2013.??.??"]

1. e4 d5 2. exd5 Qxd5 3. Nf3 Bg4 4. Be2 Nc6 5. h3 Bxf3 6. Bxf3 Qe5+ 7. Qe2
Qxe2+ 8. Bxe2 e5 9. d3 O-O-O 10. c3 a5 11. Nd2 Nf6 12. Ne4 Nxe4 13. dxe4 Bc5
14. Rf1 f6 15. Bd2 Rd6 16. O-O-O Rhd8 17. a4 Bb6 18. Kc2 Nb8 19. Bc1 Rxd1 20.
Bxd1 Na6 21. b3 Nc5 22. Bg4+ Kb8 23. f3 c6 24. Ba3 Kc7 25. h4 Ba7 26. h5 h6 27.
Bf5 b5 28. axb5 cxb5 29. b4 axb4 30. Bxb4 Na6 31. Be7 Re8 32. Ra1 Rxe7 33. Rxa6
Kb7 34. Rd6 Bb6 35. Kb3 Rc7 36. Be6 Ba5 37. Bd5+ Ka7 38. Bc6 Kb6 39. Be8+ Ka7
1/2-1/2

[Event "BL 1213 Wiesbadener SV - SV Griesheim"]
[Site "?"]
[Date "2013.04.05"]
[Round "13.8"]
[White "Dubkov, Andrej"]
[Black "Hahn, Werner"]
[Result "1-0"]
[WhiteElo "2327"]
[BlackElo "2171"]
[PlyCount "75"]
[EventDate "2013.??.??"]

1. e4 c5 2. Nf3 d6 3. d4 cxd4 4. Qxd4 a6 5. Be2 Nc6 6. Qe3 g6 7. O-O Bg7 8. h3
Nf6 9. Rd1 Bd7 10. c4 O-O 11. Nc3 Rc8 12. Bd2 Qc7 13. Rac1 Qb8 14. b3 Rfe8 15.
Be1 Be6 16. Ng5 Nd7 17. Nxe6 fxe6 18. e5 Ndxe5 19. f4 Bh6 20. Qe4 Nf7 21. Bg4
Ncd8 22. Bd2 b5 23. Bxe6 Nxe6 24. Qxe6 bxc4 25. Nd5 Qb7 26. bxc4 Rcd8 27. Re1
Kf8 28. Ba5 Rb8 29. Kh1 Qc8 30. Qxc8 Rbxc8 31. Nc7 Rxc7 32. Bxc7 Bxf4 33. Rb1
Rc8 34. Rb8 Rxb8 35. Bxb8 Ke8 36. c5 Kd7 37. Rf1 g5 38. g3 1-0

[Event "BL 1213 Schachfr. Berlin - SC Forchheim"]
[Site "?"]
[Date "2013.04.05"]
[Round "13.1"]
[White "Prusikin, Michael"]
[Black "Melkumyan, Hrant"]
[Result "1/2-1/2"]
[WhiteElo "2545"]
[BlackElo "2649"]
[PlyCount "79"]
[EventDate "2013.??.??"]

1. d4 Nf6 2. c4 g6 3. Nc3 d5 4. Nf3 Bg7 5. e3 O-O 6. cxd5 Nxd5 7. Bc4 Nb6 8.
Bb3 c5 9. O-O cxd4 10. exd4 Bg4 11. d5 N8d7 12. h3 Bxf3 13. Qxf3 Rc8 14. Bg5 h6
15. Bh4 Nc5 16. Rfe1 Re8 17. Rad1 Nxb3 18. axb3 Qd7 19. Re3 Rc5 20. d6 exd6 21.
Rxe8+ Qxe8 22. Qxb7 Nc8 23. Ne4 Rb5 24. Qa8 Re5 25. Nf6+ Bxf6 26. Bxf6 Re1+ 27.
Rxe1 Qxe1+ 28. Kh2 Qe6 29. Bc3 Kh7 30. Qb7 g5 31. b4 d5 32. Kg1 Kg6 33. b5 h5
34. Bd4 h4 35. Qc7 f6 36. Qc2+ Qe4 37. Qxe4+ dxe4 38. f3 f5 39. Kf2 Nb6 40. b3
1/2-1/2

[Event "BL 1213 Schachfr. Berlin - SC Forchheim"]
[Site "?"]
[Date "2013.04.05"]
[Round "13.3"]
[White "Mons, Leon"]
[Black "Lauber, Arnd"]
[Result "1-0"]
[WhiteElo "2339"]
[BlackElo "2465"]
[PlyCount "49"]
[EventDate "2013.??.??"]

1. e4 c6 2. Nf3 d5 3. Nc3 Bg4 4. h3 Bxf3 5. Qxf3 e6 6. d3 Nd7 7. Bd2 Ngf6 8. g4
h6 9. O-O-O Qc7 10. h4 O-O-O 11. exd5 Ne5 12. Qe3 cxd5 13. Qxa7 Bc5 14. Qa4
Nexg4 15. d4 Bb6 16. Rh3 Qc6 17. Bb5 Qd6 18. Be2 Nxf2 19. Nb5 Qb8 20. Rf3 N2g4
21. Bf4 e5 22. dxe5 Nxe5 23. Rc3+ Kd7 24. Nc7+ Ke7 25. Bxe5 1-0

[Event "BL 1213 Schachfr. Berlin - SC Forchheim"]
[Site "?"]
[Date "2013.04.05"]
[Round "13.4"]
[White "Abel, Dennes"]
[Black "Zwanzger, Johannes"]
[Result "1/2-1/2"]
[WhiteElo "2437"]
[BlackElo "2326"]
[PlyCount "165"]
[EventDate "2013.??.??"]

1. d4 d5 2. c4 e6 3. Nc3 Be7 4. cxd5 exd5 5. Bf4 Nf6 6. e3 O-O 7. Nf3 c6 8. Qc2
Nbd7 9. Bd3 Re8 10. O-O Nf8 11. h3 Ng6 12. Bh2 Bd6 13. Bxd6 Qxd6 14. Rab1 Bd7
15. b4 Re7 16. b5 cxb5 17. Nxb5 Bxb5 18. Rxb5 Rc7 19. Qb2 b6 20. a4 Ne7 21. a5
Nd7 22. Ne5 bxa5 23. Nxd7 Qxd7 24. Rxa5 Nc6 25. Rc5 Ne7 26. Rxc7 Qxc7 27. Rc1
Qd7 28. Ba6 Rd8 29. Rc5 Qd6 30. Qa2 g6 31. Be2 Rd7 32. Bf3 Rc7 33. Rxc7 Qxc7
34. Bxd5 Qc1+ 35. Kh2 Qc7+ 36. f4 Nxd5 37. Qxd5 a5 38. Qa8+ Kg7 39. Qe8 g5 40.
Qb5 gxf4 41. Qg5+ Kf8 42. exf4 a4 43. Qf6 Qd7 44. Qe5 Qe6 45. Qc5+ Qe7 46. Qc6
a3 47. d5 Qe3 48. Qf6 Ke8 49. Qd6 Qa7 50. Qc6+ Kf8 51. d6 a2 52. d7 Ke7 53. Qd5
Qxd7 54. Qxa2 Qd3 55. Qa5 Kf8 56. Qe5 Kg8 57. f5 Qd8 58. f6 Kh8 59. Qf4 Qf8 60.
g4 h6 61. Kg3 Kg8 62. Kh4 Qc5 63. Qb8+ Kh7 64. Qb1+ Kg8 65. Qf5 Qe3 66. Qc8+
Kh7 67. Qc2+ Kg8 68. Qf5 Kh8 69. g5 Qxg5+ 70. Qxg5 hxg5+ 71. Kh5 Kg8 72. Kh6
Kh8 73. Kxg5 Kh7 74. Kh5 Kg8 75. Kh6 Kh8 76. Kg5 Kh7 77. h4 Kg8 78. Kf5 Kh7 79.
h5 Kh6 80. Kg4 Kh7 81. Kg5 Kg8 82. Kf5 Kh7 83. Kg5 1/2-1/2

[Event "BL 1213 Schachfr. Berlin - SC Forchheim"]
[Site "?"]
[Date "2013.04.05"]
[Round "13.6"]
[White "Polzin, Rainer"]
[Black "Bartsch, Berthold"]
[Result "1-0"]
[WhiteElo "2465"]
[BlackElo "2242"]
[PlyCount "75"]
[EventDate "2013.??.??"]

1. e4 c5 2. Nf3 Nf6 3. Nc3 d5 4. exd5 Nxd5 5. Bb5+ Bd7 6. Ne5 Nf6 7. Qf3 Qc8 8.
Nxd7 Nbxd7 9. d3 e6 10. Bf4 Be7 11. a4 O-O 12. a5 a6 13. Bc4 Nb8 14. Bxb8 Rxb8
15. O-O Qc7 16. Rfe1 Rfd8 17. Ne4 Nxe4 18. Rxe4 Rd4 19. Re2 Rd7 20. g3 Bd6 21.
Re4 Qd8 22. Qh5 g6 23. Qe2 Bc7 24. Qe1 Qf6 25. Ra2 Rd4 26. Re3 Rd7 27. Kg2 Qd8
28. h4 Rd4 29. Ra1 Kg7 30. c3 Rd7 31. Rf3 e5 32. Qe3 Qf8 33. h5 f5 34. hxg6
Kxg6 35. g4 f4 36. Qe4+ Kg5 37. Rh1 Rg7 38. Rh5+ 1-0

[Event "BL 1213 Schachfr. Berlin - SC Forchheim"]
[Site "?"]
[Date "2013.04.05"]
[Round "13.7"]
[White "Doeres, Hans-Juergen"]
[Black "Thiede, Lars"]
[Result "1/2-1/2"]
[WhiteElo "2226"]
[BlackElo "2441"]
[PlyCount "76"]
[EventDate "2013.??.??"]

1. c4 Nf6 2. g3 g6 3. Bg2 Bg7 4. Nc3 O-O 5. e4 c5 6. Nge2 Nc6 7. O-O a6 8. d4
cxd4 9. Nxd4 Nxe4 10. Nxc6 Nxc3 11. Nxd8 Nxd1 12. Nxb7 Nxb2 13. Rb1 Bxb7 14.
Bxb7 Ra7 15. Bd5 Na4 16. Be3 Rc7 17. Rb7 Rxb7 18. Bxb7 a5 19. Rd1 d6 20. Rd5
Bc3 21. c5 Nxc5 22. Bxc5 dxc5 23. Rxc5 Bb4 24. Rc8 Rxc8 25. Bxc8 Bc5 26. Kf1
Kg7 27. Ke2 Kf6 28. h3 Ke5 29. a4 g5 30. Kf3 h5 31. g4 h4 32. Bd7 e6 33. Kg2
Kf4 34. f3 Ke3 35. Be8 f5 36. gxf5 exf5 37. Bd7 Kf4 38. Bc8 Ba7 1/2-1/2

[Event "BL 1213 Schachfr. Berlin - SC Forchheim"]
[Site "?"]
[Date "2013.04.05"]
[Round "13.8"]
[White "Agopov, Mikael"]
[Black "Huemmer, Bernd"]
[Result "1-0"]
[WhiteElo "2427"]
[BlackElo "2211"]
[PlyCount "79"]
[EventDate "2013.??.??"]

1. e4 Nf6 2. e5 Nd5 3. d4 d6 4. Nf3 Nb6 5. a4 a5 6. Be2 g6 7. O-O Bg7 8. exd6
cxd6 9. Re1 O-O 10. Bg5 N8d7 11. Na3 Nf6 12. Nb5 h6 13. Bh4 Bf5 14. Bd3 Bxd3
15. Qxd3 Nbd5 16. c4 Nb4 17. Qe2 Re8 18. Ra3 Rc8 19. Re3 Kf8 20. h3 Qd7 21. b3
Nc6 22. d5 Nb4 23. Nfd4 Na6 24. Qd2 Nb4 25. Rg3 Kg8 26. Ne6 fxe6 27. dxe6 Qc6
28. Na7 Qc5 29. Nxc8 Kh7 30. Nxe7 Rxe7 31. Qf4 Nh5 32. Qg4 Nxg3 33. Bxe7 Nf5
34. Bh4 h5 35. Qe4 d5 36. cxd5 Nd6 37. Be7 Nxd5 38. Bxd6 Qxd6 39. e7 Nxe7 40.
Qxe7 1-0

[Event "BL 1213 Wiesbadener SV - Hamburger SK"]
[Site "?"]
[Date "2013.04.06"]
[Round "14.1"]
[White "Kempinski, Robert"]
[Black "Khenkin, Igor"]
[Result "1/2-1/2"]
[WhiteElo "2602"]
[BlackElo "2655"]
[PlyCount "32"]
[EventDate "2013.??.??"]

1. d4 Nf6 2. c4 e6 3. Nf3 d5 4. Nc3 Bb4 5. Qa4+ Nc6 6. e3 O-O 7. Qc2 e5 8. cxd5
Qxd5 9. Bd2 Qa5 10. dxe5 Nxe5 11. Be2 Nxf3+ 12. Bxf3 Bf5 13. Qb3 Be6 14. Qc2
Bf5 15. Qb3 Be6 16. Qc2 Bf5 1/2-1/2

[Event "BL 1213 Wiesbadener SV - Hamburger SK"]
[Site "?"]
[Date "2013.04.06"]
[Round "14.2"]
[White "Mista, Aleksander"]
[Black "Ghaem Maghami, Ehsan"]
[Result "1-0"]
[WhiteElo "2543"]
[BlackElo "2557"]
[PlyCount "79"]
[EventDate "2013.??.??"]

1. c4 e5 2. g3 Nf6 3. Bg2 d5 4. cxd5 Nxd5 5. Nc3 Nb6 6. Nf3 Nc6 7. O-O Be7 8.
a3 O-O 9. b4 Be6 10. Rb1 f6 11. d3 Nd4 12. Nd2 c6 13. Nde4 Qd7 14. Nc5 Bxc5 15.
bxc5 Nd5 16. Bb2 Nxc3 17. Bxc3 Nb5 18. Qc1 Rab8 19. a4 Nc7 20. Ba5 Nd5 21. e4
Ne7 22. Qe3 Ng6 23. Rfd1 f5 24. exf5 Bxf5 25. Bc3 Rbe8 26. h4 Bh3 27. Be4 Nxh4
28. gxh4 Rf4 29. f3 Bf5 30. Bxe5 Rxh4 31. Qg5 Rxe5 32. Qxh4 h6 33. Qg3 Rxc5 34.
d4 Ra5 35. Qb8+ Kh7 36. Rxb7 Qe6 37. Qc7 Qg6+ 38. Kf2 Bxe4 39. Qxa5 Qf6 40. Qh5
1-0

[Event "BL 1213 Wiesbadener SV - Hamburger SK"]
[Site "?"]
[Date "2013.04.06"]
[Round "14.3"]
[White "Ernst, Sipke"]
[Black "Bulski, Krzysztof"]
[Result "1-0"]
[WhiteElo "2554"]
[BlackElo "2547"]
[PlyCount "83"]
[EventDate "2013.??.??"]

1. Nf3 Nf6 2. c4 g6 3. Nc3 d5 4. d4 Bg7 5. cxd5 Nxd5 6. e4 Nxc3 7. bxc3 c5 8.
Be3 O-O 9. Be2 Qa5 10. O-O Bg4 11. Qb3 cxd4 12. cxd4 Nc6 13. Rfd1 Qb4 14. d5
Bxf3 15. gxf3 Bxa1 16. dxc6 Qxb3 17. axb3 Be5 18. f4 Bc7 19. Rd7 Bb6 20. Bxb6
axb6 21. Rxb7 Rfc8 22. Rxb6 Ra1+ 23. Kg2 Rc1 24. Bb5 Kf8 25. b4 e6 26. Kf3 Ke7
27. Rb7+ Kf8 28. Rb6 Ke7 29. Rb7+ Kf8 30. Ke3 R8xc6 31. Bxc6 Rxc6 32. b5 Rc2
33. b6 Rb2 34. Kd4 Kg7 35. Kc3 Rb1 36. h4 h6 37. Kc4 Rb2 38. f3 Kf6 39. e5+ Kg7
40. Kc5 Rb3 41. Ra7 Rxf3 42. Ra4 1-0

[Event "BL 1213 Wiesbadener SV - Hamburger SK"]
[Site "?"]
[Date "2013.04.06"]
[Round "14.4"]
[White "Poetsch, Hagen"]
[Black "Hansen, Sune Berg"]
[Result "1/2-1/2"]
[WhiteElo "2466"]
[BlackElo "2566"]
[PlyCount "124"]
[EventDate "2013.??.??"]

1. e4 e5 2. Nf3 Nc6 3. Bb5 Nf6 4. O-O Nxe4 5. Re1 Nd6 6. Nxe5 Be7 7. Bf1 Nf5 8.
Nf3 O-O 9. d4 d5 10. c3 Re8 11. Bf4 Bd6 12. Rxe8+ Qxe8 13. Bxd6 Nxd6 14. Nbd2
h6 15. Qb3 Be6 16. Re1 Rb8 17. Qa3 Qc8 18. Ne5 Nxe5 19. dxe5 Nf5 20. f4 h5 21.
Nf3 Ra8 22. Ng5 Qf8 23. Qa5 b6 24. Qb5 Qc5+ 25. Qxc5 bxc5 26. c4 dxc4 27. Nxe6
fxe6 28. Bxc4 Kf7 29. Bd3 Ne7 30. Rc1 Rd8 31. Be2 h4 32. Rxc5 Rd2 33. Bc4 c6
34. b4 h3 35. gxh3 g6 36. Bb3 Rd4 37. Rc4 Rd2 38. Rc5 Rd4 39. Rc4 Rd2 40. h4
Rd8 41. Ba4 Rd2 42. Bxc6 Rxa2 43. Bf3 Ra3 44. Be4 Ra2 45. Rc7 Kf8 46. Rb7 Rd2
47. b5 Rd4 48. Bc2 Rxf4 49. Rxa7 Nd5 50. Ra3 Rxh4 51. Bxg6 Rb4 52. Rf3+ Kg7 53.
Be8 Kh6 54. Kf2 Kg5 55. Rf7 Rb3 56. Bd7 Nf4 57. h4+ Kg4 58. Ke1 Rb2 59. Kd1 Nd3
60. Bxe6+ Kxh4 61. Bc4 Nxe5 62. Re7 Nxc4 1/2-1/2

[Event "BL 1213 Wiesbadener SV - Hamburger SK"]
[Site "?"]
[Date "2013.04.06"]
[Round "14.5"]
[White "Svane, Rasmus"]
[Black "Geske, Julian"]
[Result "1-0"]
[WhiteElo "2394"]
[BlackElo "2401"]
[PlyCount "41"]
[EventDate "2013.??.??"]

1. d4 d5 2. c4 c6 3. Nc3 dxc4 4. e3 b5 5. a4 b4 6. Ne4 Qd5 7. Ng3 Nf6 8. Be2 e6
9. e4 Nxe4 10. Bf3 f5 11. Qe2 Nxg3 12. hxg3 Qxd4 13. Bf4 Kf7 14. Bh5+ Kg8 15.
Nf3 Qc5 16. O-O-O Be7 17. Ng5 c3 18. Nxe6 cxb2+ 19. Kb1 Qc3 20. Ng5 Qf6 21.
Rd8+ 1-0